00319nam a2200097Ia 4500008004100000041000800041100002500049245009100074260003700165999001900202241105s9999 xx 000 0 und d aeng aShukla Anika9182646 aAagaz Residential Educational And Work Centre For Women And Orphans At Valjiri Village bFinal Year B.Arch ID, Punec2014 c360937d360937